| 000 | 01596nam a2200361 c 4500 | ||
|---|---|---|---|
| 003 | BLK | ||
| 005 | 20250220161718.0 | ||
| 008 | 180412b bul|||||r ||||||| ||bul|| | ||
| 010 | _aKNG00013006000 | ||
| 020 |
_a954-584-191-5 _bиздат.: Абагар Холдинг |
||
| 040 | _aBLK | ||
| 041 |
_aBUL _cBUL |
||
| 080 |
_aПериод на феодализма в българските земи (VII век -I пол. на XVIII век) _b94(497.2)"06/17" _x _z94(497.2)"06/17" |
||
| 080 |
_aИстория на цивилизацията. История на културата _b930.85 _x(497.2) _z930.85(497.2) |
||
| 100 | 1 |
_aБожилов, Иван Ангелов _eпърви автор _9363483 |
|
| 139 |
_aБожилов, Иван Ангелов _bБ 56 |
||
| 245 | 1 | 0 |
_aКултурата на средновековна България _cИван Ангелов Божилов. |
| 257 | _aBGR | ||
| 260 |
_аСофия _bАбагар Холдинг _c1996 _fПловдив : Полиграфия |
||
| 300 |
_a200 с. _c20 см |
||
| 380 | _a9 | ||
| 490 | 1 |
_aМалка историческа библиотека _vКн. 1 |
|
| 650 | 4 |
_aКултура, средновековна - България _9256528 |
|
| 650 | 7 |
_aБългария - история, средни векове _2 _9149610 |
|
| 653 | _aБългария | ||
| 653 | _aСредновековие | ||
| 852 | _aЦб 189442 | ||
| 856 | 4 |
_qpdf _u |
|
| 856 | 4 |
_qpdf _u |
|
| 942 |
_cKNG _n0 _02 |
||
| 944 |
_aCR _c15.01.2003 _k30535 _lХристина Везирева |
||
| 944 |
_aED _c04.11.2009 _k |
||
| 999 |
_c11464 _d11464 |
||